00662nam a2200169 a 4500008004100000020001500041050001600056100002200072245002100094246005000115260004200165300001700207350000900224995011000233999001700343952013200360120416s0000 ||||||||||||||||| || u a0715387650 aTH 4815 Sne aSneigar, Nicholas14aThe self-builder ahow to build your own home and halve the cost aNewton AbbotbDavid and Charlesc1987 a160p. : ill. a0.00 D0.00FCBU-MAIN LIBRARY (Kitwe)H1I14.25M1UAVAILABLEWJul 10, 2006ZMain Library Open Access Collection c57276d57276 00102lcc4070a001b001cMain Library Open Access Collectiond2022-11-30l0oTH 4815 Snep015361r2022-11-30w2022-11-30y002